Les marques de boissons alcoolisés qui font le plus de bénéfices - Statistiques

Statistiques générales
  • Ce quiz a été pris 139 fois
  • Le résultat moyen est 2 sur 50
Statistiques - réponses
Rang Marques de boissons alcoolisés qui font le plus de bénéfices % Correct
7 Heineken
69%
31 Heineken Malaysia
69%
6 Pernod Ricard
65%
15 Budweiser APAC
8%
17 Tsingtao
3%
21 David Campari-Milano
2%
38 Laurent-Perrier
2%
8 Asahi Group
1%
10 Kirin Holdings
1%
9 Molson Coors
1%
4 Ambev
0%
47 Ambra
0%
49 Andrew Peller
0%
2 Anheuser-Busch Inbev
0%
40 Anora Group
0%
20 Becle
0%
23 Beijing Yanjing Brewery
0%
27 Boston Beer Company
0%
11 Brown Forman
0%
16 China Resources Beer
0%
24 Compania Cervecerias Unidas
0%
43 Corby Spirit and Wine
0%
39 Delegat
0%
12 Efes Beverage Group
0%
29 Emperador Brandy
0%
19 Endeavour Group
0%
41 Fever-Tree Drinks
0%
46 Hawesko
0%
34 HiteJinro
0%
44 Italian Wine Brands
0%
1 Kweichow Moutai
0%
5 Luzhou Laojiao
0%
50 Marie Brizard Wine & Spirits
0%
48 MGP Ingredients
0%
42 Oeneo
0%
35 Olvi plc
0%
37 Radico Khaitan
0%
28 Remy Cointreau
0%
22 Royal Unibrew
0%
26 Sabeco Brewery/Saigon Beer
0%
30 Sapporo
0%
45 Schloss Wachenheim
0%
14 Suntory
0%
13 Thai Beverage
0%
32 Treasury Wine Estates
0%
36 United Breweries
0%
25 United Spirits
0%
33 Vina Concha y Toro
0%
3 Wuliangye Yibin
0%
18 YANGHE
0%
Aucun quiz correspondant
Distribution des résultats
% des personnes avec chaque résultat
Percentile par nombre de réponses
Votre historique - résultats
Vous n’avez pas pris ce quiz